La réponse commence par V - Statistiques

Statistiques générales
  • Ce quiz a été pris 1 092 fois
  • Le résultat moyen est 17 sur 20
Statistiques - réponses
Indices Réponses % Correct
Boisson alcoolisée obtenue par la fermentation du raisin Vin
100%
Substance injectée dans le corps pour immuniser contre une maladie Vaccin
99%
Quelque chose ou quelqu'un d'un âge avancé Vieux
98%
Période durant laquelle l'activité scolaire est interrompue Vacances
97%
Succès lors d'une compétition Victoire
97%
Alcool souvent associé à la Russie ou la Pologne Vodka
97%
Mal que l'on fait à une personne qui nous à fait du mal Vengeance
95%
Chair animale destinée à la consommation Viande
94%
Animal sacré en Inde Vache
93%
Personne qui peut parler sans bouger les lèvres Ventriloque
91%
Scooter italien Vespa
89%
Personne qui subit un préjudice Victime
89%
Partie inférieure du tronc qui contient les intestins Ventre
79%
Compagnon de Robinson Crusoé Vendredi
78%
Prénom du Dr Frankenstein Victor
69%
Hallucination Vision
69%
Dinosaure dompté par Owen Grady dans Jurassic World Vélociraptor
66%
Personne liée à un suzerain Vassal
58%
Dieu romain du feu, des volcans et de la forge Vulcain
57%
Conforme à la réalité Vérité
46%
Aucun quiz correspondant
Distribution des résultats
% des personnes avec chaque résultat
Percentile par nombre de réponses
Votre historique - résultats
Vous n’avez pas pris ce quiz